[Event "Ambes op 1st"]
[Site "Ambes"]
[Date "2007.04.09"]
[Round "4"]
[White "Le Hetet, Jacques"]
[Black "Dubertrand, Bernard"]
[Result "1-0"]
[WhiteElo "1550"]
[BlackElo "1706"]
[PlyCount "153"]
[EventDate "2007.04.07"]
[EventType "swiss"]
[EventRounds "11"]
[EventCountry "FRA"]
[SourceTitle "CBM 117 Extra"]
[Source "ChessBase"]
[SourceDate "2007.05.09"]
[SourceVersion "1"]
[SourceVersionDate "2007.05.09"]
[SourceQuality "1"]

1. Nf3 Nc6 2. g3 e5 3. d3 f5 4. Bg2 Nf6 5. 0-0 Bc5 6. c3 Bb6 7. Nbd2 d5 8. Qc2 0-0 9. e4 a6 10. exd5 Qxd5 11. Nc4 e4 12. Nxb6 cxb6 13. dxe4 fxe4 14. Ng5 Bf5 15. Be3 h6 16. Nh3 b5 17. Nf4 Qe5 18. Rad1 Rac8 19. Qb3+ Kh7 20. Rd2 g5 21. Ne2 Na5 22. Qd1 Nc4 23. Bd4 Qe7 24. Bxf6 Rxf6 25. Rd4 Nxb2 26. Qb3 Na4 27. Rfd1 Rfc6 28. Bxe4 Qf6 29. Rd7+ Kg6 30. Bxf5+ Qxf5 31. R1d6+ Rxd6 32. Rxd6+ Kg7 33. Qd1 Rf8 34. Qd4+ Kg8 35. Rxh6 Kf7 36. Rd6 Nc5 37. Rd5 Qb1+ 38. Kg2 Ne6 39. Rd7+ Kg6 40. Qd3+ Qxd3 41. Rxd3 Nc5 42. Rd6+ Kg7 43. f3 Rf7 44. g4 Nd7 45. Rd5 Re7 46. Nd4 Kg6 47. Rd6+ Nf6 48. Kf2 Rc7 49. Ne2 Rc4 50. Ke3 Kf7 51. h3 Ra4 52. Nc1 Rc4 53. Kd3 Rf4 54. Ke2 Rc4 55. Kd3 Rc5 56. Nb3 Rc7 57. Na5 b6 58. Rxb6 Rxc3+ 59. Kxc3 Nd5+ 60. Kd4 Nxb6 61. Kc5 Nd7+ 62. Kd5 Ke7 63. Nc6+ Kf6 64. Nd4 Ne5 65. Ke4 Nc4 66. Nf5 Nb6 67. h4 gxh4 68. Nxh4 Kg5 69. Nf5 Na4 70. Kd4 Kf4 71. Ne7 Nb6 72. Nd5+ Kxf3 73. Nxb6 Kxg4 74. Kc5 Kf4 75. Nd5+ Ke5 76. Nb4 a5 77. Nc6+ 1-0

[Event "Ambes op 1st"]
[Site "Ambes"]
[Date "2007.04.08"]
[Round "2"]
[White "Hourqueig, Patrick"]
[Black "Dubertrand, Bernard"]
[Result "1-0"]
[WhiteElo "1500"]
[BlackElo "1706"]
[PlyCount "85"]
[EventDate "2007.04.07"]
[EventType "swiss"]
[EventRounds "11"]
[EventCountry "FRA"]
[SourceTitle "CBM 117 Extra"]
[Source "ChessBase"]
[SourceDate "2007.05.09"]
[SourceVersion "1"]
[SourceVersionDate "2007.05.09"]
[SourceQuality "1"]

1. c4 e5 2. Nc3 Bc5 3. Nf3 Nc6 4. g3 Nf6 5. Bg2 d6 6. 0-0 0-0 7. e3 Bg4 8. Qb3 a6 9. Qxb7 Na5 10. Qxa8 Qxa8 11. Nxe5 Qc8 12. Nxg4 Nxg4 13. Bh3 f5 14. b3 Nc6 15. Bg2 Nce5 16. d4 Bb4 17. Nd5 Nc6 18. a3 Ba5 19. b4 Bb6 20. b5 Qb8 21. bxc6 Ba5 22. Ra2 Kf7 23. Rb2 Qa8 24. Bd2 Bxd2 25. Rxd2 Qxc6 26. Ne7 Qa4 27. Bc6 Qxc4 28. Bd5+ Kxe7 29. Bxc4 Rb8 30. Bd3 g6 31. Rb1 Ra8 32. Rb7 Kd8 33. Rc2 Rc8 34. Bxa6 Ra8 35. Rc6 Kd7 36. Rbxc7+ Ke6 37. Bc4+ Kf6 38. Rxd6+ Kg5 39. Rxh7 Nh6 40. h4+ Kg4 41. Kg2 f4 42. Be6+ Nf5 43. f3# 1-0